Länder, die Island am Nächsten Liegen - Statistiken

Allgemein
  • Dieses Quiz wurde 386 mal gespielt
  • Das Durchschnittsergebnis liegt bei 18 aus 20
Antwortstatistiken
km Land % Korrekt
973 Norwegen
99%
1239 Schweden
99%
1472 Dänemark
98%
783 Vereinigtes Königreich
98%
1632 Deutschland
97%
1501 Finnland
97%
1079 Irland
97%
1639 Kanada
96%
1657 Niederlande
95%
1783 Belgien
94%
1815 Russland
94%
1773 Frankreich
93%
1971 Polen
88%
1989 Luxemburg
86%
1949 Estland
83%
2024 Lettland
83%
2103 Litauen
83%
2209 Tschechien
66%
285 Grönland
61%
434 Färöer Inseln
47%
Keine übereinstimmenden Quizze gefunden
Verteilung der Resultate
Anzahl Personen mit jedem Resultat
Perzentil nach korrekt beantworteten Fragen
Ihre Resultats-Entwicklung
Sie haben dieses Quiz noch nicht gespielt